| 000 | 00374 a2200121 4500 | ||
|---|---|---|---|
| 001 | ART_11874 | ||
| 005 | 20260410161901.0 | ||
| 008 | 260409a | ||
| 245 | 1 | 0 | _aPigouvian taxation with administrative costs |
| 100 | 1 | _aPolinsky, A. Mitchell | |
| 700 | 1 | _aShavell, Steven | |
| 773 | 0 |
_tJournal of public economics _g- Vol. 19, NÂș 3 (dic. 1982) _wREV11485 |
|
| 999 |
_c25920 _d25920 |
||